000 00267nam a2200109Ia 4500
008 190919s9999||||xx |||||||||||||| ||und||
100 _aKeith Devlin
245 0 _aSets, Functions and Logic
260 _aLondon
_bWorld Scientific
_c2003
300 _a706
942 _cBK
999 _c10346
_d10346